[Event "4NCL Division 2b"]
[Site "Birmingham, ENG"]
[Date "2016.03.19"]
[Round "7.251"]
[White "Snape, Ian L"]
[Black "Farrand, Tom"]
[Result "1/2-1/2"]
[WhiteElo "2267"]
[BlackElo "2166"]
[PlyCount "90"]
[EventDate "2016.03.19"]
[WhiteTeam "The AD's"]
[BlackTeam "CSC Dragons [1]"]

1. d4 f5 2. e4 fxe4 3. Nc3 Nf6 4. Bg5 c6 5. f3 d5 6. fxe4 dxe4 7. Qd2 Bf5 8.
Nge2 Nbd7 9. O-O-O Qa5 10. Ng3 e6 11. a3 O-O-O 12. Ncxe4 Qxd2+ 13. Nxd2 h6 14.
Bxf6 Nxf6 15. Nxf5 exf5 16. Bd3 g6 17. Nf3 Ng4 18. Nh4 Nf2 19. Nxg6 Rg8 20.
Bxf5+ Kb8 21. Rhf1 Nxd1 22. Rxd1 Bd6 23. c3 Rde8 24. Kd2 Bxh2 25. Rh1 Rxg6 26.
Bxg6 Bf4+ 27. Kd1 Re3 28. Rh3 Rxh3 29. gxh3 Kc7 30. Kc2 Kd6 31. a4 a5 32. b4 b6
33. Kd3 Bg5 34. Be4 Bf4 35. Bg6 Bg5 36. Be8 Bf4 37. Kc4 Be3 38. Bf7 Bf2 39. Kd3
Be1 40. Kc4 Bf2 41. d5 cxd5+ 42. Bxd5 Be1 43. Bf3 Bd2 44. h4 Be1 45. h5 Bd2
1/2-1/2

[Event "4NCL Division 2b"]
[Site "Birmingham, ENG"]
[Date "2016.03.19"]
[Round "7.252"]
[White "Thompson, Ian D"]
[Black "Richardson, John R"]
[Result "0-1"]
[WhiteElo "2170"]
[BlackElo "2267"]
[PlyCount "54"]
[EventDate "2016.03.19"]
[WhiteTeam "CSC Dragons [1]"]
[BlackTeam "The AD's"]

1. c4 Nf6 2. Nc3 e6 3. e4 c5 4. e5 Ng8 5. Nf3 Nc6 6. d4 cxd4 7. Nxd4 Nxe5 8.
Ndb5 f6 9. Be3 a6 10. Nd6+ Bxd6 11. Qxd6 Ne7 12. Bb6 Nf5 13. Qc5 d6 14. Qa5 Qd7
15. O-O-O Qc6 16. Kb1 O-O 17. Rg1 Bd7 18. f4 Nxc4 19. Bxc4 Qxc4 20. g4 Nh4 21.
Rxd6 Be8 22. Be3 Rc8 23. f5 exf5 24. gxf5 Qc7 25. Qd5+ Bf7 26. Rd7 Qxh2 27.
Qxb7 Rb8 0-1

[Event "4NCL Division 2b"]
[Site "Birmingham, ENG"]
[Date "2016.03.19"]
[Round "7.253"]
[White "Swindells, Jonathan E"]
[Black "Coates, Kenneth G"]
[Result "1-0"]
[WhiteElo "2260"]
[BlackElo "2145"]
[PlyCount "65"]
[EventDate "2016.03.19"]
[WhiteTeam "The AD's"]
[BlackTeam "CSC Dragons [1]"]

1. e4 e5 2. Nf3 Nc6 3. Bc4 Nf6 4. d3 Be7 5. Nc3 d6 6. a3 Be6 7. Nd5 Nd4 8. Nxd4
exd4 9. Nxf6+ Bxf6 10. Bxe6 fxe6 11. Qh5+ Kd7 12. f4 c6 13. O-O Qe8 14. Qa5 b6
15. Qa6 Qc8 16. Qa4 b5 17. Qb3 Rf8 18. a4 a6 19. Bd2 Rb8 20. axb5 axb5 21. Bb4
c5 22. Bd2 Rb7 23. Ra6 Ke7 24. e5 dxe5 25. fxe5 Bxe5 26. Re1 Rf5 27. g4 Bxh2+
28. Kxh2 Rf2+ 29. Kg1 Rxd2 30. Raxe6+ Kf8 31. Qd5 Rxc2 32. Qd6+ Kf7 33. Qf4+
1-0

[Event "4NCL Division 2b"]
[Site "Birmingham, ENG"]
[Date "2016.03.19"]
[Round "7.254"]
[White "Ismailov, Roman"]
[Black "Wheeler, Darren P"]
[Result "1/2-1/2"]
[WhiteElo "2030"]
[BlackElo "2215"]
[PlyCount "66"]
[EventDate "2016.03.19"]
[WhiteTeam "CSC Dragons [1]"]
[BlackTeam "The AD's"]

1. d4 e6 2. Nf3 d5 3. e3 c5 4. b3 Nc6 5. Bb2 Nf6 6. Nbd2 Qc7 7. a3 b6 8. Bd3
Bb7 9. O-O Bd6 10. dxc5 bxc5 11. Bxf6 gxf6 12. c4 Ne5 13. Be2 Rg8 14. h3 d4 15.
exd4 cxd4 16. Re1 Ng6 17. Bf1 Nf4 18. Kh1 f5 19. b4 Bf8 20. Rc1 Bh6 21. c5 Nxh3
22. Qa4+ Ke7 23. c6 Nxf2+ 24. Kg1 Nh3+ 25. Kh1 Nf2+ 26. Kg1 Nh3+ 27. Kh1 Bc8
28. b5 Nf2+ 29. Kg1 Nh3+ 30. Kh1 Bxd2 31. Nxd2 Nf2+ 32. Kg1 Nh3+ 33. Kh1 Nf2+
1/2-1/2

[Event "4NCL Division 2b"]
[Site "Birmingham, ENG"]
[Date "2016.03.19"]
[Round "7.255"]
[White "Anderton, Doreen"]
[Black "Amato, Giampiero"]
[Result "0-1"]
[WhiteElo "1592"]
[BlackElo "2007"]
[PlyCount "98"]
[EventDate "2016.03.19"]
[WhiteTeam "The AD's"]
[BlackTeam "CSC Dragons [1]"]

1. d4 Nf6 2. Nf3 g6 3. e3 Bg7 4. c4 O-O 5. Nc3 c5 6. Be2 cxd4 7. exd4 d5 8. O-O
Nc6 9. Bf4 Bg4 10. cxd5 Nxd5 11. Be3 Rc8 12. Qd2 e6 13. Rad1 Qa5 14. Nxd5 Qxd2
15. Rxd2 exd5 16. h3 Bf5 17. a3 Na5 18. Ne1 Nc4 19. Bxc4 Rxc4 20. g4 Be4 21. f3
Bb1 22. Ng2 Ba2 23. f4 Rfc8 24. f5 Rc1 25. Rdd1 Rxd1 26. Rxd1 Rc2 27. Rd2 Rxd2
28. Bxd2 Bxd4+ 29. Ne3 Bxb2 30. Bb4 Bd4 31. Kf2 Kg7 32. Kf3 Kf6 33. fxg6 fxg6
34. h4 b6 35. g5+ Ke6 36. Nc2 Be5 37. Bd2 Bb1 38. Nb4 Be4+ 39. Ke2 d4 40. Be1
a5 41. Nd3 Bd6 42. Bf2 Kd5 43. a4 Kc4 44. Nb2+ Kb3 45. Bxd4 Bc5 46. Bf6 Ba3 47.
Ke3 Bc2 48. Kd2 Bxb2 49. Bxb2 Kxb2 0-1

[Event "4NCL Division 2b"]
[Site "Birmingham, ENG"]
[Date "2016.03.19"]
[Round "7"]
[White "Staples, Daniel J"]
[Black "Anderton, David W"]
[Result "0-1"]
[WhiteElo "1988"]
[BlackElo "2132"]
[PlyCount "84"]
[EventDate "2016.03.19"]
[WhiteTeam "CSC Dragons [1]"]
[BlackTeam "The AD's"]

1. d4 f5 2. Nf3 Nf6 3. e3 g6 4. Be2 Bg7 5. O-O O-O 6. c4 d6 7. Nc3 c6 8. b4 Qc7
9. a4 e5 10. Ra2 e4 11. Nd2 d5 12. f4 Be6 13. b5 Nbd7 14. Qb3 Rfc8 15. a5 h6
16. cxd5 Nxd5 17. Nxd5 Bxd5 18. Bc4 Nf6 19. Bxd5+ cxd5 20. Ba3 Qc3 21. Rc1
Qxc1+ 22. Bxc1 Rxc1+ 23. Nf1 Rac8 24. h3 R8c4 25. Qb2 Nh5 26. Qf2 Bf8 27. g4
Ng7 28. Qb2 h5 29. gxh5 Nxh5 30. Kg2 Kf7 31. Nd2 Rc8 32. Nb3 R1c3 33. Kf2 Bg7
34. b6 a6 35. Nc5 R3xc5 36. Qa3 R5c6 37. Qb3 Ke6 38. Ke1 Bf6 39. Rg2 Bh4+ 40.
Kd2 Ng3 41. Rg1 Rc3 42. Qxc3 Rxc3 0-1

[Event "4NCL Division 2b"]
[Site "Birmingham, ENG"]
[Date "2016.03.19"]
[Round "7.1"]
[White "Bellin, Jana M"]
[Black "Richardson, Keith B"]
[Result "0-1"]
[WhiteElo "2102"]
[BlackElo "1978"]
[PlyCount "96"]
[EventDate "2016.03.19"]
[WhiteTeam "The AD's"]
[BlackTeam "CSC Dragons [1]"]

1. d4 g6 2. Nf3 Bg7 3. c3 Nf6 4. Bg5 O-O 5. e3 c5 6. Nbd2 cxd4 7. exd4 h6 8.
Bh4 d6 9. Bxf6 Bxf6 10. Bc4 Nc6 11. O-O Bf5 12. Qe2 a6 13. a4 Bg7 14. Nh4 Bc8
15. Nxg6 d5 16. Nxf8 dxc4 17. Ng6 fxg6 18. Nxc4 Kh7 19. Rfe1 e6 20. a5 Rb8 21.
Qe4 Qd5 22. Qxd5 exd5 23. Nb6 Bf5 24. Nxd5 Bf8 25. h3 Kg7 26. g4 Bd7 27. Nb6
Be8 28. d5 Na7 29. Rab1 Nb5 30. c4 Nd4 31. Kg2 Bb4 32. Re4 Bxa5 33. Rxd4 Bxb6
34. Re4 a5 35. b4 axb4 36. Rxb4 Bc5 37. Rb1 Bf7 38. Ra1 b5 39. Ra5 Bb4 40. Rxb5
Rxb5 41. cxb5 Bxd5 42. f3 Bxe4 43. fxe4 Kf6 44. b6 Ke5 45. b7 Bd6 46. Kf3 Kd4
47. h4 Bc7 48. h5 g5 0-1

[Event "4NCL Division 2b"]
[Site "Birmingham, ENG"]
[Date "2016.03.19"]
[Round "7.2"]
[White "Head, Louise"]
[Black "Stockwell, Mark B"]
[Result "1-0"]
[WhiteElo "1957"]
[BlackElo "2009"]
[PlyCount "69"]
[EventDate "2016.03.19"]
[WhiteTeam "CSC Dragons [1]"]
[BlackTeam "The AD's"]

1. d4 Nf6 2. c4 e6 3. Nf3 c5 4. e3 d5 5. cxd5 exd5 6. Nc3 a6 7. Be2 Nc6 8. O-O
Bd6 9. a3 O-O 10. dxc5 Bxc5 11. b4 Ba7 12. b5 d4 13. bxc6 dxc3 14. Qb3 Be6 15.
Qxc3 Qc7 16. Bb2 Qxc6 17. Qxc6 bxc6 18. Bd4 Nd7 19. Rac1 c5 20. Ba1 Bb6 21.
Rfd1 Ra7 22. Ne5 Nxe5 23. Bxe5 Rc8 24. Rd6 Bc7 25. Rxa6 Rb7 26. Bxc7 Rbxc7 27.
Bc4 Bxc4 28. Rxc4 Kf8 29. Kf1 Ke7 30. Rb6 Ra8 31. a4 Rca7 32. Rxc5 Rxa4 33.
Rc7+ Ke8 34. Rbb7 g6 35. Re7+ 1-0

[Event "4NCL Division 2b"]
[Site "Birmingham, ENG"]
[Date "2016.03.19"]
[Round "7.5"]
[White "Eames, Robert S"]
[Black "Buckley, David E"]
[Result "0-1"]
[WhiteElo "2275"]
[BlackElo "2267"]
[PlyCount "84"]
[EventDate "2016.03.19"]
[WhiteTeam "Hackney 1"]
[BlackTeam "Downend & Fishponds"]

1. e4 e6 2. d4 d5 3. Nc3 Nf6 4. e5 Nfd7 5. f4 c5 6. Nf3 Nc6 7. Be3 Be7 8. Qd2
O-O 9. O-O-O c4 10. f5 b5 11. f6 gxf6 12. Bh6 b4 13. Qf4 Kh8 14. Ne2 Rg8 15.
Kb1 c3 16. Nc1 cxb2 17. Nb3 a5 18. Bd3 a4 19. Nbd2 b3 20. exf6 bxa2+ 21. Kxb2
Qb6+ 22. Kxa2 Bxf6 23. Rb1 Nb4+ 24. Rxb4 Qxb4 25. h4 Be7 26. Nb1 a3 27. Qc1 Ba6
28. Ng5 Bc4+ 29. Bxc4 Qxc4+ 30. Ka1 Bxg5 31. hxg5 Rgb8 32. g6 fxg6 33. Bg7+
Kxg7 34. Qh6+ Kf7 35. Qxh7+ Ke8 36. Qxg6+ Kd8 37. Qg8+ Kc7 38. Qg3+ Kc6 39. Nc3
Qb4 40. Rb1 Qb2+ 41. Rxb2 axb2+ 42. Kb1 Ra1# 0-1

[Event "4NCL Division 2b"]
[Site "Birmingham, ENG"]
[Date "2016.03.19"]
[Round "7.6"]
[White "Russell, Christopher"]
[Black "Reid, John"]
[Result "1-0"]
[WhiteElo "2108"]
[BlackElo "2342"]
[PlyCount "105"]
[EventDate "2016.03.19"]
[WhiteTeam "Downend & Fishponds"]
[BlackTeam "Hackney 1"]

1. e4 c5 2. c3 d6 3. d4 Nf6 4. Bd3 g6 5. dxc5 dxc5 6. e5 Nh5 7. h3 Nc6 8. Nf3
Ng7 9. Qe2 Ne6 10. Na3 Bg7 11. O-O O-O 12. Nc4 b5 13. Be4 Bd7 14. Rd1 Qc7 15.
Ne3 Nf4 16. Qxb5 Nxe5 17. Qf1 Rab8 18. Nxe5 Bxe5 19. Nd5 Nxd5 20. Bxd5 Ba4 21.
Re1 Bb5 22. Bc4 Bc6 23. Qe2 Bf6 24. Bh6 Bg7 25. Bxg7 Kxg7 26. Qxe7 Qf4 27. Qe5+
Qxe5 28. Rxe5 Rxb2 29. Rxc5 Rc8 30. Re1 Kf6 31. Re3 Rbb8 32. Ba6 Rc7 33. Rd3
Rb6 34. Bc4 Rd7 35. Rxd7 Bxd7 36. Rc7 Be6 37. Bxe6 Kxe6 38. Rxa7 Rb1+ 39. Kh2
Rc1 40. Ra3 Ke5 41. Kg3 f5 42. Kf3 g5 43. g4 f4 44. Ra5+ Kf6 45. Rc5 Ra1 46. h4
h6 47. Rc6+ Kg7 48. Rc7+ Kf6 49. h5 Ke5 50. Rc6 Rc1 51. a4 Kd5 52. Rxh6 Rxc3+
53. Kg2 1-0

[Event "4NCL Division 2b"]
[Site "Birmingham, ENG"]
[Date "2016.03.19"]
[Round "7.7"]
[White "Cenal Gutierrez, Ruben"]
[Black "Savory, Richard J"]
[Result "1-0"]
[WhiteElo "2252"]
[BlackElo "2087"]
[PlyCount "47"]
[EventDate "2016.03.19"]
[WhiteTeam "Hackney 1"]
[BlackTeam "Downend & Fishponds"]

1. e4 c5 2. Nf3 d6 3. d4 cxd4 4. Nxd4 Nf6 5. Nc3 a6 6. h3 e5 7. Nde2 Be6 8. g4
d5 9. exd5 Nxd5 10. Bg2 Nxc3 11. Qxd8+ Kxd8 12. Nxc3 Nc6 13. Be3 Ke8 14. O-O-O
Rd8 15. Nd5 Bd6 16. Rhe1 f6 17. Bb6 Rd7 18. f4 Ne7 19. Nc3 Nc8 20. Bf2 Ke7 21.
Ne4 exf4 22. Nxd6 Rxd6 23. Bc5 Rhd8 24. Bxd6+ 1-0

[Event "4NCL Division 2b"]
[Site "Birmingham, ENG"]
[Date "2016.03.19"]
[Round "7.8"]
[White "Fry, Charles A"]
[Black "Walker, Nicholas P"]
[Result "1/2-1/2"]
[WhiteElo "2099"]
[BlackElo "2192"]
[PlyCount "37"]
[EventDate "2016.03.19"]
[WhiteTeam "Downend & Fishponds"]
[BlackTeam "Hackney 1"]

1. e4 e5 2. Nf3 Nc6 3. Bb5 a6 4. Ba4 Nf6 5. O-O Be7 6. Re1 b5 7. Bb3 d6 8. c3
O-O 9. h3 Nb8 10. d3 c5 11. Nbd2 Bb7 12. a4 Nbd7 13. Nf1 c4 14. dxc4 Nxe4 15.
axb5 axb5 16. Rxa8 Qxa8 17. cxb5 Ndc5 18. Bc2 f5 19. Be3 1/2-1/2

[Event "4NCL Division 2b"]
[Site "Birmingham, ENG"]
[Date "2016.03.19"]
[Round "7.9"]
[White "Holes, Michal"]
[Black "Hosken, Nigel K"]
[Result "1/2-1/2"]
[WhiteElo "2162"]
[BlackElo "2100"]
[PlyCount "81"]
[EventDate "2016.03.19"]
[WhiteTeam "Hackney 1"]
[BlackTeam "Downend & Fishponds"]

1. e4 c6 2. d4 d5 3. e5 Bf5 4. Nf3 e6 5. Be2 Nd7 6. O-O Ne7 7. Nh4 Bg6 8. Nd2
c5 9. c3 Nc6 10. Ndf3 Be7 11. Nxg6 hxg6 12. Bf4 Rc8 13. Qd2 O-O 14. h3 cxd4 15.
cxd4 Qb6 16. Rfc1 Rfe8 17. Rab1 Na5 18. Be3 Rxc1+ 19. Rxc1 Nc6 20. Bd3 Rc8 21.
Bg5 Qd8 22. Qf4 Bxg5 23. Nxg5 Qe7 24. Qg4 Nf8 25. Qf4 a6 26. Rc3 Na7 27. Rb3
Nc6 28. Kh2 Na5 29. Rb6 Rc6 30. Rxc6 Nxc6 31. a3 Nh7 32. Nf3 Qc7 33. Qc1 Qb6
34. Qc3 Nf8 35. b4 Nd7 36. Bc2 Nf8 37. Qd3 Na7 38. Ba4 Qc7 39. Qc2 Qxc2 40.
Bxc2 Nd7 41. Bd3 1/2-1/2

[Event "4NCL Division 2b"]
[Site "Birmingham, ENG"]
[Date "2016.03.19"]
[Round "7.10"]
[White "Garcia-Ruiz Fuentes, Aitor"]
[Black "Chin, Francis"]
[Result "1/2-1/2"]
[WhiteElo "2022"]
[BlackElo "2155"]
[PlyCount "73"]
[EventDate "2016.03.19"]
[WhiteTeam "Downend & Fishponds"]
[BlackTeam "Hackney 1"]

1. d4 d5 2. c4 e6 3. Nc3 c6 4. e4 dxe4 5. Nxe4 Nf6 6. Nxf6+ Qxf6 7. Nf3 Bb4+ 8.
Bd2 Qe7 9. Bd3 Nd7 10. Qc2 Bxd2+ 11. Qxd2 O-O 12. O-O-O a5 13. Kb1 Rd8 14. Ng5
Nf8 15. f4 Bd7 16. Qc2 h6 17. Ne4 Be8 18. Qf2 f5 19. Ng3 Qf6 20. Bc2 b5 21.
cxb5 cxb5 22. d5 g6 23. Qb6 Rab8 24. Qxa5 exd5 25. Bb3 Bf7 26. Qb4 Qd6 27. Qxd6
Rxd6 28. Ne2 Nd7 29. Rd4 Nc5 30. Nc1 Kg7 31. Rhd1 Kf6 32. Bc2 Rbd8 33. Nd3 Ne4
34. Nb4 Nf2 35. R1d2 Ne4 36. Rd1 Nf2 37. R1d2 1/2-1/2

[Event "4NCL Division 2b"]
[Site "Birmingham, ENG"]
[Date "2016.03.19"]
[Round "7.11"]
[White "Bowmer, Kevin"]
[Black "Meadows, Michael"]
[Result "1-0"]
[WhiteElo "2132"]
[BlackElo "1975"]
[PlyCount "71"]
[EventDate "2016.03.19"]
[WhiteTeam "Hackney 1"]
[BlackTeam "Downend & Fishponds"]

1. e4 e5 2. Nf3 Nc6 3. Bb5 a6 4. Ba4 Nf6 5. O-O Be7 6. Re1 b5 7. Bb3 d6 8. c3
O-O 9. h3 Bb7 10. d4 Re8 11. Nbd2 Bf8 12. Bc2 exd4 13. cxd4 Nb4 14. Bb1 c5 15.
d5 a5 16. a3 Na6 17. b3 Nb8 18. Bd3 Qb6 19. Bb2 Nbd7 20. a4 Ba6 21. axb5 Bxb5
22. Qc2 Bxd3 23. Qxd3 a4 24. Bxf6 Nxf6 25. bxa4 Ra7 26. Nc4 Qc7 27. a5 Nd7 28.
Reb1 g6 29. Rb5 Bg7 30. Rab1 Nf6 31. e5 dxe5 32. d6 e4 33. dxc7 exd3 34. Rb7
Rxb7 35. Rxb7 Nd5 36. a6 1-0

[Event "4NCL Division 2b"]
[Site "Birmingham, ENG"]
[Date "2016.03.19"]
[Round "7.12"]
[White "French, Max"]
[Black "Sparham, Jasper"]
[Result "1-0"]
[WhiteElo "1930"]
[BlackElo "1000"]
[PlyCount "91"]
[EventDate "2016.03.19"]
[WhiteTeam "Downend & Fishponds"]
[BlackTeam "Hackney 1"]

1. d4 Nf6 2. c4 g6 3. Nc3 Bg7 4. e4 d6 5. Nf3 O-O 6. h3 Nc6 7. Be3 e5 8. d5 Ne7
9. Be2 Bd7 10. O-O c6 11. Qd2 cxd5 12. cxd5 Qa5 13. a3 Ne8 14. g4 f5 15. b4 Qd8
16. gxf5 gxf5 17. Bg5 f4 18. Kh2 Bf6 19. Bh6 Bg7 20. Rg1 Ng6 21. Bg5 Bf6 22.
Rac1 Bxg5 23. Nxg5 Ng7 24. Bg4 Bxg4 25. Rxg4 Qf6 26. Nf3 h5 27. Rg2 Nh4 28.
Nxh4 Qxh4 29. Nb5 Qf6 30. Rcg1 Rf7 31. Rg6 Qe7 32. Nxd6 Raf8 33. Nf5 Qd7 34.
Nxg7 Rxg7 35. Rxg7+ Qxg7 36. Rxg7+ Kxg7 37. d6 Rd8 38. d7 Kf7 39. Qd6 h4 40. f3
a6 41. Kg2 b6 42. Kf2 a5 43. bxa5 bxa5 44. a4 Kg7 45. Qe7+ Kg6 46. Qxd8 1-0

[Event "4NCL Division 2b"]
[Site "Birmingham, ENG"]
[Date "2016.03.19"]
[Round "7.15"]
[White "Churm, Rohan M"]
[Black "Walker, David J"]
[Result "1/2-1/2"]
[WhiteElo "2127"]
[BlackElo "2308"]
[PlyCount "81"]
[EventDate "2016.03.19"]
[WhiteTeam "Cambridge University 2"]
[BlackTeam "North East England"]

1. e4 e6 2. d4 d5 3. Nd2 Be7 4. Bd3 c5 5. dxc5 Nf6 6. Qe2 O-O 7. Ngf3 a5 8. a4
Na6 9. e5 Nd7 10. c3 Naxc5 11. Bc2 Qc7 12. O-O f5 13. exf6 Nxf6 14. Nd4 Bd7 15.
f4 Bd6 16. N2f3 Rae8 17. g3 Nce4 18. Be3 Ng4 19. Rae1 e5 20. fxe5 Nxe5 21. Nxe5
Rxf1+ 22. Rxf1 Bxe5 23. Nb5 Qc6 24. Qd3 Bh3 25. Rd1 Nf6 26. Nd4 Qc7 27. Bg5
Bxd4+ 28. Qxd4 Qe5 29. Bxf6 gxf6 30. Qxd5+ Qxd5 31. Rxd5 Re2 32. Bxh7+ Kxh7 33.
Rh5+ Kg6 34. Rxh3 Rxb2 35. Rh4 b5 36. axb5 Rxb5 37. Ra4 Rc5 38. c4 Kf5 39. Kf2
Ke4 40. h4 Kd3 41. g4 1/2-1/2

[Event "4NCL Division 2b"]
[Site "Birmingham, ENG"]
[Date "2016.03.19"]
[Round "7.16"]
[White "Dunn, Andrew"]
[Black "Beckett, Chris J"]
[Result "1/2-1/2"]
[WhiteElo "2245"]
[BlackElo "2155"]
[PlyCount "83"]
[EventDate "2016.03.19"]
[WhiteTeam "North East England"]
[BlackTeam "Cambridge University 2"]

1. d4 e6 2. Nf3 Nf6 3. c4 Bb4+ 4. Bd2 a5 5. g3 d5 6. Bg2 O-O 7. O-O Nbd7 8.
Bxb4 axb4 9. Qb3 Qe7 10. Nbd2 c6 11. Rfc1 Rd8 12. c5 b6 13. cxb6 Bb7 14. a3 Ra6
15. Qxb4 Qxb4 16. axb4 Rxb6 17. Ra4 Ba6 18. e3 Rdb8 19. b3 Kf8 20. Rca1 Bc8 21.
Ne1 Rxb4 22. Rxb4 Rxb4 23. Nd3 Rb6 24. Ra8 Rb8 25. Ra7 Rb7 26. Ra2 Rb6 27. Ra8
Rb8 28. Rxb8 Nxb8 29. b4 Ke7 30. Nb3 Ba6 31. Ne5 Nfd7 32. Nxd7 Kxd7 33. Nc5+
Kc7 34. f4 Bc4 35. Bh3 Na6 36. Nxa6+ Bxa6 37. Kf2 Kb6 38. Ke1 Kb5 39. Bf1+ Kb6
40. Bh3 Kb5 41. Bf1+ Kb6 42. Bh3 1/2-1/2

[Event "4NCL Division 2b"]
[Site "Birmingham, ENG"]
[Date "2016.03.19"]
[Round "7.17"]
[White "Brau, Julio"]
[Black "Coathup, Roger H"]
[Result "0-1"]
[WhiteElo "2071"]
[BlackElo "2147"]
[PlyCount "116"]
[EventDate "2016.03.19"]
[WhiteTeam "Cambridge University 2"]
[BlackTeam "North East England"]

1. e4 c5 2. Nf3 e6 3. d4 cxd4 4. Nxd4 a6 5. Nc3 Qc7 6. Be2 Nf6 7. O-O Bb4 8.
Qd3 Nc6 9. Nxc6 dxc6 10. Bf3 e5 11. a3 Be7 12. Qe2 O-O 13. Be3 b5 14. g4 Be6
15. b3 Nd7 16. Bg2 Bc5 17. Bxc5 Nxc5 18. Qe3 Nd7 19. h3 Rfd8 20. Ne2 Nf8 21. f4
exf4 22. Nxf4 Qa7 23. Qxa7 Rxa7 24. e5 c5 25. a4 b4 26. Rad1 Rad7 27. Bf3 c4
28. Rxd7 Rxd7 29. Nxe6 fxe6 30. bxc4 Rc7 31. Be2 Nd7 32. Rd1 Nxe5 33. Rd6 Nxc4
34. Bxc4 Rxc4 35. Rxa6 Rxc2 36. Rb6 Rb2 37. a5 Kf7 38. a6 Kf6 39. a7 Ra2 40.
Rb7 b3 41. Rxb3 Rxa7 42. Kf2 Ra5 43. Kg3 Rd5 44. Rf3+ Kg6 45. Re3 e5 46. h4 h5
47. gxh5+ Kxh5 48. Kh3 Kg6 49. Rg3+ Kf5 50. Rf3+ Ke6 51. Kg4 Rd7 52. Kg5 e4 53.
Re3 Ke5 54. Kg6 Kf4 55. Re1 e3 56. h5 Ke4 57. Rc1 e2 58. Rc8 Re7 0-1

[Event "4NCL Division 2b"]
[Site "Birmingham, ENG"]
[Date "2016.03.19"]
[Round "7.18"]
[White "Waters, Clive L"]
[Black "Allison, Conrad"]
[Result "1-0"]
[WhiteElo "2207"]
[BlackElo "2065"]
[PlyCount "95"]
[EventDate "2016.03.19"]
[WhiteTeam "North East England"]
[BlackTeam "Cambridge University 2"]

1. e4 e5 2. Nf3 Nc6 3. Bc4 Bc5 4. O-O Nf6 5. d3 h6 6. c3 d6 7. b4 Bb6 8. Nbd2
O-O 9. Bb3 a6 10. Nc4 Ba7 11. Be3 b5 12. Ncd2 Be6 13. Bxa7 Rxa7 14. d4 Bxb3 15.
Qxb3 exd4 16. cxd4 Re8 17. d5 Ne5 18. Nd4 Qd7 19. f3 c5 20. dxc6 Nxc6 21. Nxc6
Qxc6 22. Qe3 Rae7 23. Rac1 Qb7 24. Nb3 d5 25. Na5 Qa8 26. Qf4 dxe4 27. Nc6 Re6
28. Nd4 Qa7 29. Rc5 Nd7 30. Nxe6 Rxe6 31. Qc7 Qxc7 32. Rxc7 Nb6 33. fxe4 Rxe4
34. a3 Re3 35. Rf3 Re2 36. h3 Re6 37. Rd3 a5 38. Rd8+ Kh7 39. Ra8 Nd5 40. Rc5
Nf4 41. Rc2 Nd3 42. Ra7 Kg6 43. Rcc7 Ne5 44. Re7 Rxe7 45. Rxe7 Nc4 46. Ra7 f6
47. Rxa5 Kg5 48. Rxb5+ 1-0

[Event "4NCL Division 2b"]
[Site "Birmingham, ENG"]
[Date "2016.03.19"]
[Round "7.19"]
[White "Gordon-Brown, Alexander J"]
[Black "Henderson, David"]
[Result "1-0"]
[WhiteElo "2038"]
[BlackElo "2132"]
[PlyCount "77"]
[EventDate "2016.03.19"]
[WhiteTeam "Cambridge University 2"]
[BlackTeam "North East England"]

1. d4 d5 2. c4 e6 3. Nc3 Nf6 4. Nf3 dxc4 5. e3 a6 6. Bxc4 b5 7. Bd3 Bb7 8. O-O
Nbd7 9. b3 Be7 10. Bb2 O-O 11. Rc1 c5 12. Bb1 Rc8 13. Re1 Qb6 14. Qd3 g6 15.
Qe2 Rfd8 16. Ng5 Ba8 17. Nce4 Nxe4 18. Nxe4 Qb7 19. f3 cxd4 20. Bxd4 f5 21. Nd2
Rxc1 22. Rxc1 Ba3 23. Rd1 e5 24. Ba1 Qc7 25. g3 Nb6 26. e4 fxe4 27. Nxe4 Rxd1+
28. Qxd1 Nd5 29. Qc2 Qxc2 30. Bxc2 Nb4 31. Bb1 Bxe4 32. Bxe4 Nxa2 33. Bxe5 Bc5+
34. Kf1 Nb4 35. Ke2 Kf7 36. Bc7 Ke6 37. Bb7 Nd5 38. Ba5 Bb4 39. Bxd5+ 1-0

[Event "4NCL Division 2b"]
[Site "Birmingham, ENG"]
[Date "2016.03.19"]
[Round "7.20"]
[White "Moreby, James"]
[Black "Toh, Qin Kane"]
[Result "1-0"]
[WhiteElo "2005"]
[BlackElo "2065"]
[PlyCount "93"]
[EventDate "2016.03.19"]
[WhiteTeam "North East England"]
[BlackTeam "Cambridge University 2"]

1. c4 Nf6 2. Nc3 g6 3. e4 d6 4. d4 Bg7 5. f3 O-O 6. Be3 Nc6 7. Bd3 e5 8. Nge2
Nh5 9. d5 Nd4 10. O-O c5 11. dxc6 bxc6 12. g4 Nxe2+ 13. Nxe2 Nf6 14. Nc3 h5 15.
g5 Nh7 16. h4 f6 17. Qd2 fxg5 18. hxg5 Be6 19. Qg2 Qd7 20. Kh2 Rf7 21. Rad1 Qe7
22. Na4 Nf8 23. b4 Bd7 24. Be2 Ne6 25. c5 Nd4 26. cxd6 Qxd6 27. Nc5 Qc7 28. Bd3
Kh7 29. Bc4 Re7 30. Qg3 Nc2 31. Na6 Qb7 32. Bc5 Ree8 33. Rd6 Bf8 34. Rf6 Bxc5
35. Nxc5 Qxb4 36. Bf7 Qxc5 37. Bxg6+ Kg8 38. Qh4 Ne3 39. Rf2 Nd1 40. Rd2 Be6
41. Bh7+ Kg7 42. Qxh5 Re7 43. Qh6+ Kh8 44. Bf5+ Kg8 45. Rg6+ Kf7 46. Qg7+ Ke8
47. Qh8+ 1-0

[Event "4NCL Division 2b"]
[Site "Birmingham, ENG"]
[Date "2016.03.19"]
[Round "7.21"]
[White "Starley, Robert"]
[Black "Dalton, Joseph"]
[Result "1/2-1/2"]
[WhiteElo "1997"]
[BlackElo "2035"]
[PlyCount "100"]
[EventDate "2016.03.19"]
[WhiteTeam "Cambridge University 2"]
[BlackTeam "North East England"]

1. e4 g6 2. d4 Bg7 3. Nf3 c5 4. d5 d6 5. Bb5+ Bd7 6. Bxd7+ Qxd7 7. O-O Nf6 8.
Qe2 O-O 9. c4 Qc7 10. Nc3 Nbd7 11. h3 a6 12. a4 Rad8 13. Bf4 Nh5 14. Bg5 Ne5
15. Nxe5 Bxe5 16. g4 Bf4 17. Bxe7 Qxe7 18. gxh5 Qg5+ 19. Kh1 Qxh5 20. Qxh5 gxh5
21. Rg1+ Kh8 22. Ne2 Bh6 23. Ng3 Rde8 24. f3 Bg7 25. Rg2 Be5 26. Nf5 Rg8 27.
Rag1 Rxg2 28. Rxg2 Rg8 29. b3 Rg6 30. Kg1 h6 31. Kf2 Kh7 32. Ng3 Bd4+ 33. Kf1
Be3 34. Nxh5 Rxg2 35. Kxg2 Kg6 36. Ng3 h5 37. h4 Bf4 38. Ne2 Bh6 39. f4 f5 40.
e5 Bg7 41. exd6 Bf8 42. d7 Be7 43. Kh3 Bd8 44. Nc1 Kf7 45. Nd3 b6 46. Ne5+ Ke7
47. Nc6+ Kxd7 48. Nxd8 Kxd8 49. a5 bxa5 50. Kg3 a4 1/2-1/2

[Event "4NCL Division 2b"]
[Site "Birmingham, ENG"]
[Date "2016.03.19"]
[Round "7.22"]
[White "Moreby, Kurt E"]
[Black "Davis, Holden"]
[Result "0-1"]
[WhiteElo "1757"]
[BlackElo "1697"]
[PlyCount "60"]
[EventDate "2016.03.19"]
[WhiteTeam "North East England"]
[BlackTeam "Cambridge University 2"]

1. c4 e5 2. Nc3 g6 3. e3 Bg7 4. d4 Nc6 5. d5 Nce7 6. e4 d6 7. Bg5 f5 8. exf5
Bxf5 9. Bd3 Nf6 10. h3 O-O 11. g4 Bxd3 12. Qxd3 Rb8 13. O-O-O a6 14. f3 Qe8 15.
h4 b5 16. Bxf6 Bxf6 17. Ne4 bxc4 18. Nxf6+ Rxf6 19. Qxc4 Qb5 20. Qc2 Nxd5 21.
a4 Qb7 22. Rd2 Rf4 23. h5 Ne3 24. Qd3 Rxa4 25. Qxe3 Ra1+ 26. Kc2 Qxb2+ 27. Kd3
Ra3+ 28. Ke2 Rxe3+ 29. Kxe3 Qc3+ 30. Ke2 Rb3 0-1

[Event "4NCL Division 2b"]
[Site "Birmingham, ENG"]
[Date "2016.03.19"]
[Round "7.25"]
[White "Mayhew, Andrew"]
[Black "Harakis, Alexis M"]
[Result "0-1"]
[WhiteElo "2335"]
[BlackElo "2240"]
[PlyCount "86"]
[EventDate "2016.03.19"]
[WhiteTeam "Anglian Avengers 1"]
[BlackTeam "KJCA Kings"]

1. e4 e5 2. Qh5 Nf6 3. Qxe5+ Be7 4. Qf4 O-O 5. d3 Nc6 6. Nf3 d5 7. exd5 Nxd5 8.
Qd2 Re8 9. Be2 Bd6 10. Qd1 Qe7 11. c4 Ndb4 12. Bg5 f6 13. Be3 Bg4 14. a3 Na6
15. b4 Ne5 16. c5 Nxf3+ 17. Bxf3 Bxf3 18. Qxf3 Qe5 19. Ra2 Bf8 20. Qxb7 Nxc5
21. Qb5 Qd5 22. Nc3 Qxg2 23. Rf1 Ne6 24. Re2 a5 25. f4 Qh3 26. bxa5 Bxa3 27. f5
Nf8 28. Bd2 Reb8 29. Qd5+ Kh8 30. Rf3 Qh4+ 31. Kf1 Bb4 32. Rg3 Rxa5 33. Qf3 Qd4
34. Re4 Qd7 35. Ke2 Rxf5 36. Qg4 Ne6 37. Rxb4 Rxb4 38. Qxb4 Nd4+ 39. Kd1 Rf1+
40. Be1 Rxe1+ 41. Kd2 c5 42. Qb8+ Re8 43. Qf4 Qb7 0-1